|
|
|
|
| LEADER |
01275pam a2200313 a 4500 |
| 001 |
1047 |
| 003 |
BD-DhAAL |
| 005 |
20150216091744.0 |
| 008 |
150216s1998 nyu 001 0aeng |
| 010 |
|
|
|a 97037798
|
| 020 |
|
|
|a 0471247391 (cloth : alk. paper)
|
| 040 |
|
|
|a DLC
|c DLC
|d DLC
|d BD-DhAAL
|
| 050 |
0 |
0 |
|a H59.D75
|b A3 1998
|
| 082 |
0 |
0 |
|a 300/.92
|a B
|2 21
|
| 100 |
1 |
|
|a Drucker, Peter F.
|q (Peter Ferdinand),
|d 1909-2005.
|9 8477
|
| 245 |
1 |
0 |
|a Adventures of a bystander /
|c Peter F. Drucker.
|
| 260 |
|
|
|a New York :
|b John Wiley,
|c [1998]
|
| 300 |
|
|
|a viii, 344 p. ;
|c 24 cm.
|
| 490 |
|
|
|a Trailblazers, rediscovering the pioneers of business
|
| 500 |
|
|
|a Originally published: New York : Harper & Row, c1979.
|
| 500 |
|
|
|a Includes index.
|
| 541 |
|
|
|e 1047
|
| 600 |
1 |
0 |
|a Drucker, Peter F.
|q (Peter Ferdinand),
|d 1909-2005.
|9 8478
|
| 600 |
1 |
0 |
|a Drucker, Peter F.
|q (Peter Ferdinand),
|d 1909-2005
|x Friends and associates.
|9 8479
|
| 650 |
|
0 |
|a Social scientists
|z United States
|v Biography.
|9 8480
|
| 650 |
|
0 |
|a Business consultants
|z United States
|v Biography.
|9 8481
|
| 942 |
|
|
|2 ddc
|c BK
|
| 999 |
|
|
|c 33711
|d 33711
|
| 952 |
|
|
|0 0
|1 0
|2 ddc
|4 0
|6 300_920000000000000_DRU
|7 0
|9 52651
|a SCL
|b SCL
|c GEN
|d 2015-02-16
|e Gift: The Asia Foundation
|l 0
|o 300.92 DRU
|p 3020001047
|r 2015-02-16
|t 1
|w 2015-02-16
|y BK
|